00437nam a2200145 4500001000700000003000900007007000300016008004100019100002000060245007500080260006200155300002700217500002600244852002100270120199ES-MaACLt|070214s1917 fr r ||||1| fre d1 aPiquet, Victor.13aLe Maroc b: géographie, historie, mise en valeur / cVictor Piquet. aParis : b[s. n.], c1917 (eColommiers : fPaul Brodard) aXII, 464 p. ; c20 cm. aFalta el primer mapa. aES-MaACLjB-2100